01158cam a22002411 450000100060000000300080000600500170001400800390003103500190007004000230008904100080011208200220012010000230014224500550016526000870022030000210030749000240032850400280035250504400038065000420082065000280086265000260089017726BD-RjUL20211209000201.0140217s1966 ilu b 000 0 eng a(BD-RjUL)17784 aDLCcDLCdDLCbeng aeng00a822.208bTHT 19661 aThomas, R. George,10aTen miracle plays /c[edited by] R. George Thomas. aEvanston, Ill. ;aLondon :bNorthwestern University Press;bArnold,cc1966. [1969] a166 p. ;c21 cm.0 aYork medieval texts aBibliography: p. 15-16.0 aThe proclamation (Ludus Coventriae)--The murder of Abel (Towneley play II)--Noah (Ludus Coventriae IV)--Balaam and Balak (Chester plays V)--The annunciation (York plays XII)--Herod and the slaying of the innocents (Coventry pageants)--The woman taken in adultery (Ludus Coventriae XXIV)--The conspiracy (Towneley play XX)--Christ's passion (Chester plays XVI)--The harrowing of hell (York plays XXVII)--Doomsday (Ludus Coventriae XLII) 0aMysteries and miracle plays, English. 0aEnglish dramayTo 1500.00aBible plays, English.